000
00264nam a2200109Ia 4500
008
220204s9999 xx 000 0 und d
082
_a
548.12
_b
LOE
100
_a
Loeb, Arthur L
245
0
_a
Color and symmetry
260
_a
New York
_b
John Wiley
_c
1971
942
_c
BK
999
_c
25663
_d
25663